| 000 | 00566nam a22001817a 4500 | ||
|---|---|---|---|
| 005 | 20231113144204.0 | ||
| 008 | 231113b |||||||| |||| 00| 0 eng d | ||
| 020 | _a0702118524 | ||
| 041 | _aEnglish | ||
| 082 | _a345 RAB | ||
| 100 |
_aRabie, A _lEnglish |
||
| 245 |
_aA Bibliography of South African Criminal Law : _bGeneral Principles / _cA Rabie |
||
| 250 | _aFirst Edition | ||
| 260 |
_aCape Town : _bJuta and Company Ltd, _c1987 |
||
| 300 |
_bviii, 91 pages ; _c25, 5 cm. |
||
| 650 |
_aLegal practice _bLaw |
||
| 942 |
_cBK _6ALISON_BN_VRIES |
||
| 999 |
_c587 _d587 |
||